Kinh nghiệm của một số hợp tác xã tiêu biểu trong các ngành kinh tế

محفوظ في:
التفاصيل البيبلوغرافية
مؤلف مشترك: Viện Nghiên cứu quản lý kinh tế Trung ương
التنسيق: كتاب
اللغة:Undetermined
منشور في: Hà Nội Nhà xuất bản Hà Nội 1996
الموضوعات:
الوسوم: إضافة وسم
لا توجد وسوم, كن أول من يضع وسما على هذه التسجيلة!
Thư viện lưu trữ: Trung tâm Học liệu Trường Đại học Cần Thơ
LEADER 00660nam a2200181Ia 4500
001 CTU_122656
008 210402s9999 xx 000 0 und d
082 |a 334 
082 |b V305 
110 |a Viện Nghiên cứu quản lý kinh tế Trung ương 
245 0 |a Kinh nghiệm của một số hợp tác xã tiêu biểu trong các ngành kinh tế 
245 0 |c Viện Nghiên cứu quản lý kinh tế Trung ương 
260 |a Hà Nội 
260 |b Nhà xuất bản Hà Nội 
260 |c 1996 
650 |a Cooperatives 
904 |i M.Loan 
980 |a Trung tâm Học liệu Trường Đại học Cần Thơ